书目信息 |
| 题名: |
远东国际军事法庭
|
|
| 作者: | 梅汝敖 著 | |
| 分册: | ||
| 出版信息: | 北京 法律出版社 2005 |
|
| 页数: | 317 | |
| 开本: | 23cm | |
| 丛书名: | ||
| 单 册: | ||
| 中图分类: | K265.3 | |
| 科图分类: | ||
| 主题词: | 中国--历史 | |
| 电子资源: | ||
| ISBN: | 7-5036-5706-5 | |
| 000 | 00512nam0 2200181 450 | |
| 001 | 0760515518 | |
| 005 | 20070817164835.51 | |
| 010 | @a7-5036-5706-5@d¥32.00 | |
| 100 | @a20070817d km y0chiy0120 ea | |
| 101 | 0 | @achi |
| 200 | 1 | @a远东国际军事法庭@Ayuan dong guo ji jun shi fa ting@f梅汝敖著@Fmei ru ao zhu |
| 210 | @a北京@c法律出版社@d2005 | |
| 215 | @a317@d23cm | |
| 606 | 0 | @a中国@x历史 |
| 690 | @aK265.3@v3 | |
| 701 | 0 | @a梅汝敖@Amei ru ao@4著 |
| 801 | 0 | @aCN@bPFT@c20070817 |
| 905 | @a213230@dK265.3@eg73@f1 | |
| 远东国际军事法庭/梅汝敖著.-北京:法律出版社,2005 |
| 317;23cm |
| ISBN 7-5036-5706-5:¥32.00 |
| ● |
| 相关链接 |
|
|
|
|
正题名:远东国际军事法庭
索取号:K265.3/g73
 
预约/预借
| 序号 | 登录号 | 条形码 | 馆藏地/架位号 | 状态 | 备注 |
| 1 | 6502576 | 265025769 | 经管系资料室/ [索取号:K265.3/g73] | 在馆 |